00418cam a2200157ua 45000010005000000080039000050400009000440820013000531000027000662450059000932500009001522600032001613000016001936530019002096530032002283514111116n ii |||gr||||Z||||||asm cMAIN a891.4514 aGuwahati Sabita sabha,11aBezbaruahar sahitya prativacby Guwahati Sabita sabha  a1st. aGuwahati:bSahitya Prakash. a84p:c23cm. aAssamese essay aBezbaruahar sahitya prativa